000 00266nam a2200109Ia 4500
008 230822s2006 xx 000 0 und d
041 _aeng
100 _aMURTHY.S.
245 _aWISE & OTHERWISE A SALUTE OF LIFE
260 _bPENGUIN BOOKS LTD
_c2006
300 _a220
999 _c858613
_d858613